LIBRARY & INFORMATION CENTRE, KCAET, TAVANUR

ONLINE PUBLIC ACCESS CATALOGUE (OPAC)

Heat and mass transfer: a practical approach / (Record no. 13018)

MARC details
000 -LEADER
fixed length control field 00464cam a2200169ua 4500
041 ## - LANGUAGE CODE
Language code of text/sound track or separate title eng
082 ## - DEWEY DECIMAL CLASSIFICATION NUMBER
Classification number 621.4022
Item number CEN/HE
100 ## - MAIN ENTRY--AUTHOR NAME
Personal name Cengel, Yunus A.
245 ## - TITLE STATEMENT
Title Heat and mass transfer: a practical approach /
260 ## - PUBLICATION, DISTRIBUTION, ETC. (IMPRINT)
Place of publication New Delhi :
Name of publisher Tata Mc-Graw Hill Publishing Company ,
Year of publication 2006.
300 ## - PHYSICAL DESCRIPTION
Number of Pages 879 ;
Accompanying material `.
942 ## - ADDED ENTRY ELEMENTS (KOHA)
Koha item type Books
Holdings
Withdrawn status Lost status Damaged status Home library Current library Date acquired Full call number Accession Number Koha item type
      KAUAET KAUAET 07/04/2012 621.4022 CEN/HE 21140 Books
      KAUAET KAUAET 07/04/2012 621.4022 CEN/HE 21838 Books
      KAUAET KAUAET 07/04/2012 621.4022 CEN/HE 21761 Books
free website counter